| 000 | 00370nam a2200145Ia 4500 | ||
|---|---|---|---|
| 008 | 230917s9999||||xx |||||||||||||| ||und|| | ||
| 040 |
_e139534 _aMAIN |
||
| 041 | _aEnglish | ||
| 082 | _a005.456 C917L | ||
| 100 | _aCunningham, Stephen K | ||
| 245 | 0 | _aLearn Microsoft assembler in a day | |
| 260 |
_aNew Delhi _bPublications _c1994 |
||
| 300 | _a116 p. | ||
| 942 | _cBK | ||
| 999 |
_c104216 _d104216 |
||